000 00277nam a2200121Ia 4500
008 140130s9999 xx 000 0 und d
245 _cJonathan London
_aLet's Go, Froggy!
260 _bScholastic,
_c1994
440 _v1
521 _aGrade 1
942 _cBK
999 _c40112
_d40112